Problems of workmen's compensation administration in the United States and Canada, (Record no. 36340)

MARC details
000 -LEADER
fixed length control field 01083cam a22002771 4500
001 - CONTROL NUMBER
control field l 40000152
003 - CONTROL NUMBER IDENTIFIER
control field DLC
005 - DATE AND TIME OF LATEST TRANSACTION
control field 20260227111537.0
008 - FIXED-LENGTH DATA ELEMENTS--GENERAL INFORMATION
fixed length control field 721002s1940 dcu f000 0 eng
010 ## - LIBRARY OF CONGRESS CONTROL NUMBER
LC control number l 40000152
035 ## - SYSTEM CONTROL NUMBER
System control number (OCoLC)420863
040 ## - CATALOGING SOURCE
Original cataloging agency DLC
Transcribing agency OClU
Modifying agency OCoLC
-- DLC
042 ## - AUTHENTICATION CODE
Authentication code premarc
050 00 - LIBRARY OF CONGRESS CALL NUMBER
Classification number HD8051
Item number .A62 no. 672
082 ## - DEWEY DECIMAL CLASSIFICATION NUMBER
Classification number 331.06173 s
100 1# - MAIN ENTRY--PERSONAL NAME
Personal name Dawson, Marshall.
245 10 - TITLE STATEMENT
Title Problems of workmen's compensation administration in the United States and Canada,
Statement of responsibility, etc. by Marshall Dawson ...
260 ## - PUBLICATION, DISTRIBUTION, ETC.
Place of publication, distribution, etc. Washington,
Name of publisher, distributor, etc. U.S. Govt. Print. Off.,
Date of publication, distribution, etc. 1940.
300 ## - PHYSICAL DESCRIPTION
Extent viii, 229 p.
Dimensions 23 cm.
490 1# - SERIES STATEMENT
Series statement [United States. Bureau of Labor Statistics] Bulletin
Volume/sequential designation no. 672
500 ## - GENERAL NOTE
General note At head of title: United States Department of Labor. Frances Perkins, Secretary. Bureau of Labor Statistics. Isador Lubin, Commissioner.
650 #0 - SUBJECT ADDED ENTRY--TOPICAL TERM
Topical term or geographic name entry element Employers' liability
Geographic subdivision United States
650 #0 - SUBJECT ADDED ENTRY--TOPICAL TERM
Topical term or geographic name entry element Employers' liability
Geographic subdivision Canada
740 0# - ADDED ENTRY--UNCONTROLLED RELATED/ANALYTICAL TITLE
Uncontrolled related/analytical title Workmen's compenstation administration.
830 #0 - SERIES ADDED ENTRY--UNIFORM TITLE
Uniform title Bulletin (United States. Bureau of Labor Statistics) ;
Volume/sequential designation no. 672.

No items available.

Powered by Koha